01352nam a2200229 a 4500001001000000003000400010005001700014008004100031020001800072040002500090049000900115111012700124245010800251260004500359300003500404505039200439710010500831710005000936942001400986952010501000999001701105000029149OSt20250607073643.0110413s2008 dr ad 000 0 spa d a9789945436303 aDO-SdBNPbspacBNPHU aBNPD2 aForo Tendencias y Desafíos en la Definición e Implementación de la Carrera Sanitariad(2008 :cSanto Domingo)95605610aInforme del Foro Tendencias y Desafíos en la Definición e Implementación de la Carrera Sanitaria aSanto Domingo :bOPS : bSESPAS, c2008. a90 p. :bil., retrs. ;c26 cm.2 aPresentación-- Introducción -- Objetivos de foro -- Desarrollo del foro -- Acto inaugural -- Conferencia inaugural -- Conferencia magistral y panel sobre experiencias internacionales -- Conferencias nacionales y panel sobre carreras especiales -- Panel experiencias nacionales -- Mesas de trabajo de grupos (talleres) -- Principales recomendaciones y Evaluación del foro -- Anexos.1 aRepública Dominicana. b Secretaria de Estado de Salud Pública y Asistencia Social (2001)9565491 aOrganización Panamericana de la Salud91055 2ddccLBS1 0010718PDaPDbPDcCTd2011-04-13iLF1l0o p29149-10r2020-06-25w2020-06-25yLFPDZNo se presta c28641d28641